| 000 | 01075nam a22002057a 4500 | ||
|---|---|---|---|
| 999 |
_c57866 _d57866 |
||
| 005 | 20221107121836.0 | ||
| 008 | 210319s2014 enk||||| |||| 00| 0 eng d | ||
| 020 | _a9780335246946 X | ||
| 041 | _aeng | ||
| 080 | _a376.2+61 H-40 | ||
| 245 |
_aHealth Promotion for People with Intellectual and Developmental Disabilities / _cEdited by Laurence Taggart, Wendy Cousins. |
||
| 264 |
_aLondon : _bOpen University Press, _c2014. |
||
| 300 |
_a229 p. _b24 cm. |
||
| 653 | _aჯანმრთელობის ხელშეწყობა ინტელექტუალური და განვითარების შეზღუდული შესაძლებლობის მქონე პირთათვის | ||
| 653 | _aმედიცინა | ||
| 653 | _aპირთა სპეციალური ჯგუფების განათლება, სწავლება | ||
| 700 |
_aTaggart, Laurence _eრედაქტორი _910583 |
||
| 700 |
_aCousins, Wendy _eრედაქტორი _910584 |
||
| 942 |
_2udc _cBK |
||